Statistiques concernant Harry Potter 228 Prénoms FRANCAIS

Cliquez ici pour prendre le quiz!

Statistiques générales

  • Ce quiz a été pris 4 196 fois
    (671 depuis la dernière actualisation)
  • Le résultat moyen est 109 sur 228

Statistiques - réponses

NomsAidePrénoms% Correct
SSirius
93%
AAlbus
92%
HHarry
92%
GrangerHHermione
91%
LLily
90%
LestrangeBBellatrix
89%
PotterJJames
89%
LovegoodLLuna
89%
AAlbus Severus
88%
CCedric
88%
DDrago
88%
DelacourFFleur
88%
RRonald
88%
FFred
87%
GGeorge
87%
NNeville
87%
FlamelNNicolas
87%
RogueSSeverus
87%
PettigrowPPeter
86%
JedusorTTom
86%
OmbrageDDolores
85%
DursleyDDudley
85%
GGinevra
85%
LLucius
85%
McGonagallMMinerva
85%
KrumVViktor
85%
WWilliam
85%
AArthur
83%
MMolly
83%
LupinRRemus
83%
ChangCCho
82%
DuboisOOlivier
82%
PPétunia
82%
HagridRRubeus
82%
VVernon
80%
PPercy
79%
MaugreyAAlastor
78%
LockhartGGilderoy
78%
GryffondorGGodric
78%
NNarcissa
78%
DragonneauNNorbert
78%
FinniganSSeamus
78%
CCharlie
77%
FudgeCCornelius
77%
PoufsouffleHHelga
77%
KarkaroffIIgor
77%
BellKKatie
77%
SerpentardSSalazar
77%
ThomasDDean
75%
SkeeterRRita
74%
XXenophilius
74%
AbbotHHannah
73%
RRowena
73%
NNymphadora
72%
PatilPParvati
72%
CrabbeVVincent
72%
SlughornHHorace
71%
MMarjorie
71%
PPadma
71%
CriveyCColin
70%
JordanLLee
70%
SSibylle
70%
GoyleGGregory
68%
BrownLLavande
68%
DumbledoreAAbelforth
67%
DiggoryAAmos
66%
RRegulus
66%
RusardAArgus
65%
FlitwickFFilius
65%
ParkinsonPPansy
65%
AAlice
64%
TourdesacBBathilda
64%
GGabrielle
64%
SerdaigleHHelena
64%
GreybackFFenrir
63%
BryceFFrank
63%
AAriana
62%
MaximeOOlympe
62%
ChouravePPomona
62%
TTed
62%
JohnsonAAngelina
60%
GrindelwaldGGellert
60%
RRose
59%
ShacklebotKKingsley
58%
DeauclairePPénélope
58%
ZabiniBBlaise
57%
McLaggenCCormac
57%
TTeddy
57%
CrochueBBertie
56%
Belby | FlintMMarcus
56%
FletcherMMondingus
56%
Danlmur | MacmillanEErnie
55%
JJames Sirius
55%
ScrimgeourRRufus
55%
RocadeSStan
55%
CrouptonBBarty Jr.
54%
Finch-FletchleyJJustin
54%
LLily Luna
53%
PomfreshPPoppy
53%
DDennis
51%
HHugo
51%
VerpeyLLudovic
51%
SScorpius
51%
CarrowAAlecto
50%
DolohovAAntonin
49%
BBarty Sr.
49%
De Mimsy-PorpingtonNNicholas
49%
AAmycus
48%
DogeEElphias
48%
Bagnold | BulstrodeMMillicent
48%
SSusan
48%
PeverellIIgnotus
47%
SpinnetAAlicia
46%
MMérope
46%
QuirrelQQuirinus
46%
TonksAAndromeda
45%
GauntMMarvolo
45%
FiggAArabella
44%
HopkrikMMafalda
44%
PPerceval
44%
OllivanderGGarrick
41%
KKendra
41%
BurbageCCharity
40%
PinceIIrma
40%
VVictoire
40%
GoldsteinAAnthony
39%
BellebosseMMary Lou
39%
RRodolphus
39%
VaneRRomilda
39%
GoldsteinPPorpentina
38%
DiggleDDedalus
37%
LondubatAAugusta
36%
JorkinsBBertha
36%
BootTTerry
36%
SinistraAAurora
35%
RosierEEvan
35%
DawlishJJohn
35%
LLeta
35%
GreengrassAAstoria
34%
CornerMMichael
34%
NottTThéodore
34%
BonesAAmélia
33%
FFred II
33%
LLouis
33%
FFabian
32%
MMolly II
32%
MMorfin
32%
DaviesRRoger
32%
EdgecombeMMarietta
31%
SmithZZacharias
31%
RuncornAAlbert
30%
DDominique
30%
LLucy
30%
CattermoleRReginald
30%
BibineRRolanda
30%
BinnsCCuthbert
29%
PrewettGGideon
29%
QQueenie
29%
RRoxanne
28%
OOrion
27%
PeverellAAntioche
26%
RookwoodAAugustus
26%
DDaphné
26%
KowalskiJJacob
26%
TTobias
26%
BBilius
25%
PrinceEEileen
25%
VanceEEmmeline
25%
WWalburga
25%
CCadmus
23%
MidgenEEloïse
23%
RRabastan
23%
Gobe-PlancheWWilhelmina
23%
SloperJJack
22%
PPhineas Nigellus
22%
SmithHHepzibah
21%
WeasleyMMuriel
21%
PodmoreSSturgis
21%
MoldubecCCelestina
20%
JonesHHestia
20%
VectorSSeptima
20%
TThésée
20%
CresswellDDirk
19%
CrockfordDDoris
19%
PolkissPPiers
19%
PuceyAAdrian
17%
AAudrey
16%
AbercrombieEEuan
16%
McKinnonMMarlène
16%
MarchebankGGriselda
15%
PeakesJJimmy
15%
PPandora
15%
KirkeAAndrew
14%
BeurkCCaractacus
14%
TrelawneyCCassandra
14%
RobinsDDemelza
14%
DerwentDDilys
14%
JonesGGwenog
14%
MacnairWWalden
14%
GravesPPercival
13%
BrûlopotSSilvanus
13%
KamaYYusuf
13%
AAurélius
12%
BabbingBBathsheba
12%
CooteRRichie
12%
DDorea / Druella
11%
MModestie
11%
CCorvus
10%
MalefoyAAbraxas
9%
MorozBBroderick
9%
MeadowesDDorcas
9%
MontagueGGraham
9%
AckerleySStewart
8%
RowleTThrorfinn
8%
TycrossWWilkie
8%
CCygnus
7%
TêtenjoyPGalatea
7%
LLysander
7%
RRolf
7%
EskivdurWWilbert
7%
BlackAAlphard
6%
TraversTTorquil
6%
LLorcan
5%
OOtto
4%

Distribution des résultats

Percentile par nombre de réponses

% des personnes avec chaque résultat

Votre développement - résultats

Vous n’avez pas pris ce quiz depuis la dernière actualisation